Catálogo

THE HISTORY OF MANAGEMENT THOUGHT (Registro nro. 59633)

Detalles MARC
000 -LEADER
fixed length control field 00473nam a2200181 a 4500
001 - CONTROL NUMBER
control field 59633
005 - DATE AND TIME OF LATEST TRANSACTION
control field 20180714060645.0
008 - FIXED-LENGTH DATA ELEMENTS--GENERAL INFORMATION
fixed length control field 140415d 000 0 eng d
020 ## - INTERNATIONAL STANDARD BOOK NUMBER
International Standard Book Number 133901874
041 ## - LANGUAGE CODE
Language code of text/sound track or separate title eng
082 ## - DEWEY DECIMAL CLASSIFICATION NUMBER
Classification number 658.01
Item number GEO
100 1# - MAIN ENTRY--PERSONAL NAME
Personal name GEORGE, CLAUDE S.
245 14 - TITLE STATEMENT
Title THE HISTORY OF MANAGEMENT THOUGHT
250 ## - EDITION STATEMENT
Edition statement 2a ed.
260 ## - PUBLICATION, DISTRIBUTION, ETC.
Place of publication, distribution, etc. [s.l.] :
Name of publisher, distributor, etc. PRENTICE-HALL, INC.,
Date of publication, distribution, etc. [s.f.]
300 ## - PHYSICAL DESCRIPTION
Extent 223
650 14 - SUBJECT ADDED ENTRY--TOPICAL TERM
Topical term or geographic name entry element ADMINISTRACION
General subdivision HISTORIA
Existencias
Withdrawn status Lost status Source of classification or shelving scheme Damaged status Not for loan Collection code Home library Current library Shelving location Date acquired Source of acquisition Inventory number Total Checkouts Full call number Barcode Date last seen Price effective from Koha item type
    Dewey Decimal Classification     General Biblioteca Karol Wojtyla Biblioteca Karol Wojtyla Sala general 03/12/2013 Compra 151000000000000000020426   658.01 GEO 9003 05/01/2026 03/12/2013 Libro